logo

Bir Sreshtho Munshi Abdur Rouf Library
Jhenaidah Cadet College

রাষ্ট্র দর্শনে মুসলিম মনীষা / (Record no. 9865)

MARC details
000 -LEADER
fixed length control field 00641nam a22002177a 4500
001 - CONTROL NUMBER
JCCL Control Number 9865
003 - CONTROL NUMBER IDENTIFIER
JCCL marc code BD-JhCC
005 - DATE AND TIME OF LATEST TRANSACTION
control field 20180402124343.0
008 - FIXED-LENGTH DATA ELEMENTS--GENERAL INFORMATION
fixed length control field 180402b1979 bg ||||| |||| 00| 0 ben d
035 ## - SYSTEM CONTROL NUMBER
system control number (BD-JhCC)9865
040 ## - CATALOGING SOURCE
Original cataloging agency BD-JhCC
Modifying agency BD-JhCC
041 ## - LANGUAGE CODE
Language code of Book ben
082 ## - DEWEY DECIMAL CLASSIFICATION NUMBER
Classification number 32.0
Author mark and Year JAF 1979
100 ## - MAIN ENTRY--PERSONAL NAME
Personal name জাফর, আবু
245 ## - TITLE STATEMENT
Title রাষ্ট্র দর্শনে মুসলিম মনীষা /
Statement of responsibility, etc আবু জাফর
260 ## - PUBLICATION, DISTRIBUTION, ETC. (IMPRINT)
Place of publication, distribution, etc ঢাকা :
Name of publisher, distributor, etc ইসলামিক ফাউন্ডেশন
Date of publication, distribution, etc 1979.
300 ## - PHYSICAL DESCRIPTION
Pagination 150 p. :
Dimensions 21 cm.
650 ## - SUBJECT ADDED ENTRY--TOPICAL TERM
Topical term or geographic name as entry element Political
942 ## - ADDED ENTRY ELEMENTS (KOHA)
Source of classification or shelving scheme Dewey Decimal Classification
Koha item type Books
Holdings
Source of classification or shelving scheme Damaged status Not for loan Home library Current library Shelving location Date of accession Cost, normal purchase price Total Checkouts Full call number Barcode Date last seen Copy number Koha item type
Dewey Decimal Classification     JCC Rouf Library JCC Rouf Library General Stacks 04/02/2018 12.00   32.0 JAF 1979 9131 04/02/2018 C-1 Books

JCC Library | Contacts | JCC Home

Last Update on 23 September 2017
Copyright @ 2017-2020 JCC Rouf Library
Rouf Library, Jhenidah Cadet College (JCC), Bangladesh